The trouble with therapy (Record no. 20746)
[ view plain ]
| 000 -LEADER | |
|---|---|
| fixed length control field | 01256nam a2200337Ia 4500 |
| 100 1# - MAIN ENTRY--AUTHOR NAME | |
| Personal name | Morrall, Peter. |
| 245 14 - TITLE STATEMENT | |
| Title | The trouble with therapy |
| 260 ## - PUBLICATION, DISTRIBUTION, ETC. (IMPRINT) | |
| Place of publication | Maidenhead : |
| Name of publisher | McGraw Hill/Open University Press, |
| Year of publication | 2008. |
| 300 ## - PHYSICAL DESCRIPTION | |
| Number of Pages | ix, 253 p. |
| 650 #0 - SUBJECT ADDED ENTRY--TOPICAL TERM | |
| Topical Term | Counseling |
| Topical Term | Psychotherapy |
| Topical Term | Counseling. |
| Topical Term | Psychotherapy. |
| 856 40 - ELECTRONIC LOCATION AND ACCESS | |
| Uniform Resource Identifier | http://site.ebrary.com/lib/rucke/Doc?id=10274029 |
No items available.
